000 00347nam a2200145Ia 4500
008 230917s9999||||xx |||||||||||||| ||und||
040 _e199408
_aMAIN
041 _aEnglish
082 _a823.7 B789W
100 _aBronte, Emily
245 0 _aWuthering heights
260 _aHyderabad
_bOrient Blackswan
_c2011
300 _a339 p.
942 _cBK
999 _c160624
_d160624